Multi-Word Countries with Multi-Word Capital Cities - Statistics

General Stats
  • This quiz has been taken 338 times
  • The average score is 13 of 24
Answer Stats
Answer % Correct
Dominican Republic
70%
United States
68%
Santo Domingo
63%
Washington, D.C.
62%
Trinidad and Tobago
59%
United Arab Emirates
59%
Sri Lanka
58%
Antigua and Barbuda
56%
Papua New Guinea
55%
El Salvador
54%
South Africa
54%
Abu Dhabi
53%
São Tomé
52%
São Tomé and Príncipe
52%
Vatican City
52%
San Salvador
51%
Port Moresby
50%
Port-of-Spain
50%
Cape Town
49%
Costa Rica
46%
San Marino
45%
Sri Jayawardenepura Kotte
45%
Saint John's
42%
San José
41%
No matching quizzes found
Score Distribution
Percent of People with Each Score
Percentile by Number Answered
Your Score History
You have not taken this quiz